Standardizing medication labels (Record no. 41004)
[ view plain ]
| 000 -LEADER | |
|---|---|
| fixed length control field | 01442nam a2200301 a 4500 |
| 245 10 - TITLE STATEMENT | |
| Title | Standardizing medication labels |
| 260 ## - PUBLICATION, DISTRIBUTION, ETC. (IMPRINT) | |
| Place of publication | Washington, D.C. : |
| Name of publisher | National Academies Press, |
| Year of publication | 2008. |
| 300 ## - PHYSICAL DESCRIPTION | |
| Number of Pages | xv, 100 p. : |
| Other physical details | ill. |
| 650 #0 - SUBJECT ADDED ENTRY--TOPICAL TERM | |
| Topical Term | Drugs |
| 700 1# - ADDED ENTRY--PERSONAL NAME | |
| Personal name | Hernandez, Lyla M. |
| 856 40 - ELECTRONIC LOCATION AND ACCESS | |
| Uniform Resource Identifier | http://site.ebrary.com/lib/rucke/Doc?id=10225191 |
No items available.
